00767 2200265 4500001002100000005001700021008004100038020001800079035002400097082001000121090002000131100002500151245010500176250001500281260004100296300002700337500004100364500002400405650001200429850000900441985000600450999001500456999001500471999001500486YOGYA-0209000007262720090227093635.0 ind  a979-421-636-4 0010-020900000072627 a794.6 a794.6bStr BlQ aSTRICKLAND, Robert H aBowlingblangkah-langkah keberhasilancRoberth H Stricland;diterjemahkan oleh,Eri Desmarini Nasution aEd.2 Cet.2 aJakartabRaja Grafindo Persadac2003 axix,215hlmbilusc26cm aJudul asli:Boowling=Steps to Success aBibliografi:hlm 215 aBowling aBPAD a3 a08P0000517 a08P0000518 a08P0000519